Průvodce šatníkem každé ženy : 60 základních kousků a jak je nosit kdykoliv, kamkoliv /

Hlavní autor: McNaught, Amber
Další autoři: Šverčičová, Lenka
Jazyk: Čeština
Vydáno: Praha : Euromedia, 2018
Vydání: Vydání první
Edice: Esence
Témata:
Fyzický popis: 176 stran : barevné ilustrace ; 24 cm
Knihy
Uloženo v:
LEADER 01872nam a2200529 i 4500
001 nkc20182983265
003 CZ PrNK
005 20190104073147.0
007 ta
008 180307s2018 xr a e f 001 0 cze
015 |a cnb002983265 
020 |a 978-80-7549-743-7  |q (vázáno) :  |c Kč 299,00 
035 |a (OCoLC)1066025340 
040 |a OLA001  |b cze  |e rda 
041 1 |a cze  |h eng 
072 7 |a 646  |x Odívání. Péče o tělo  |2 Konspekt  |9 19 
080 |a 646.4/.5  |2 MRF 
080 |a 391-055.2  |2 MRF 
080 |a 646.4-055.2  |2 MRF 
080 |a (035)  |2 MRF 
100 1 |a McNaught, Amber  |7 ola20181008304  |4 aut 
240 1 0 |a Wear: when and how.  |l Česky 
245 1 0 |a Průvodce šatníkem každé ženy :  |b 60 základních kousků a jak je nosit kdykoliv, kamkoliv /  |c Amber McNaughtová ; z anglického originálu Wear: when and how ... přeložila Lenka Šverčičová 
250 |a Vydání první 
264 1 |a Praha :  |b Euromedia,  |c 2018 
300 |a 176 stran :  |b barevné ilustrace ;  |c 24 cm 
336 |a text  |b txt  |2 rdacontent 
336 |a statický obraz  |b sti  |2 rdacontent 
337 |a bez média  |b n  |2 rdamedia 
338 |a svazek  |b nc  |2 rdacarrier 
490 1 |a Esence 
504 |a Obsahuje bibliografii a rejstřík 
650 0 7 |a odívání  |7 ph115567  |2 czenas 
650 0 7 |a dámská móda  |7 ph119673  |2 czenas 
650 0 7 |a dámské oděvy  |7 ph137547  |2 czenas 
650 0 9 |a clothing  |2 eczenas 
650 0 9 |a women's fashion  |2 eczenas 
650 0 9 |a women's clothing  |2 eczenas 
655 7 |a příručky  |7 fd133209  |2 czenas 
655 9 |a handbooks and manuals  |2 eczenas 
700 1 |a Šverčičová, Lenka  |7 xx0119852  |4 trl 
830 0 |a Esence  |0 s 
910 2 |a BOA001  |b 2-1420.560 
928 9 |a Euromedia Group 
990 |a BK 
995 |a 01 
996 6 |b 2610765791  |c 2-1420.560  |l MZK  |r Sklad / do 1 hodiny  |n 1  |p p.v.  |w 001701743  |u 000010  |a 1  |e BOA001  |j MZK50  |s P